Central Library OPAC University of Rajshahi

The Industrial Revolution on the continent: Germany, France, Russian, 1800-1914 / (Record no. 58248)

MARC details
000 -LEADER
fixed length control field 00888nam a2200277 a 4500
001 - CONTROL NUMBER
control field 58248
003 - CONTROL NUMBER IDENTIFIER
rucl marc code BD-RjUL
005 - DATE AND TIME OF LATEST TRANSACTION
control field 20211209080612.0
008 - FIXED-LENGTH DATA ELEMENTS--GENERAL INFORMATION
fixed length control field 161217s1967 enkb b 000 0 eng
035 ## - SYSTEM CONTROL NUMBER
System control number (BD-RjUL)58372
040 ## - CATALOGING SOURCE
Original cataloging agency DLC
Transcribing agency DLC
Modifying agency DLC
Language of cataloging eng
041 ## - LANGUAGE CODE
Language code of text/sound track or separate title eng
082 00 - DEWEY DECIMAL CLASSIFICATION NUMBER
Classification number 330.944
Edition number 23
Author mark and year HEI 1967
100 1# - MAIN ENTRY--PERSONAL NAME
Personal name Henderson, W. O.
Fuller form of name (William Otto),
Dates associated with a name 1904-1993.
9 (RLIN) 173023
245 14 - TITLE STATEMENT
Title The Industrial Revolution on the continent: Germany, France, Russian, 1800-1914 /
Statement of responsibility, etc. [by] W. O. Henderson.
250 ## - EDITION STATEMENT
Edition statement 2nd ed.
260 ## - PUBLICATION, DISTRIBUTION, ETC. (IMPRINT)
Place of publication, distribution, etc. London :
Name of publisher, distributor, etc. Cass,
Date of publication, distribution, etc. 1967.
300 ## - PHYSICAL DESCRIPTION
Pagination ix, 291 p. :
Illustrations 9 maps. ;
Size 23 cm.
350 ## - PRICE (NR) (BK AM CF MU VM SE) [OBSOLETE]
Price 30/-
504 ## - BIBLIOGRAPHY, ETC. NOTE
Bibliography, etc Bibliography: p. 247-261.
650 #0 - SUBJECT ADDED ENTRY--TOPICAL TERM
Topical term or geographic name as entry element Industrial revolution
Geographic subdivision Germany.
9 (RLIN) 173024
Topical term or geographic name as entry element Industrial revolution
Geographic subdivision France.
9 (RLIN) 173025
Topical term or geographic name as entry element Industrial revolution
Geographic subdivision Russia.
9 (RLIN) 173026
942 ## - ADDED ENTRY ELEMENTS (KOHA)
Source of classification or shelving scheme Dewey Decimal Classification
Koha item type Books
Holdings
Lost status Source of classification or shelving scheme Damaged status Not for loan Collection code Permanent Location Current Location Shelving location Date acquired Source of acquisition Cost, normal purchase price Total Checkouts Full call number Date last seen Copy number Koha item type
  Dewey Decimal Classification   Not For Loan Non-fiction Central Library, University of Rajshahi Central Library, University of Rajshahi Reading Room 12/06/1968 Zeitlinger 30.00   330.944 HEI 1967 17/12/2016 C-1 Books